| 000 | 00560nam a22001937a 4500 | ||
|---|---|---|---|
| 003 | OSt | ||
| 005 | 20180116183048.0 | ||
| 008 | 160725b xxu||||| |||| 00| 0 eng d | ||
| 020 | _a0 | ||
| 040 | _c0 | ||
| 082 | _a510 BUD 1971 | ||
| 100 | _aFrank S.Budnick | ||
| 245 |
_aApplied Mathematics For Business,Economics and The Social Sciences _cFrank S.Budnick |
||
| 250 | _a4th edition | ||
| 260 |
_aNew Jersey _bMcGraw-Hill _c1971 |
||
| 300 |
_a992 p. _bPB |
||
| 440 | _aApplied Mathematics For Business,Economics and The Social Sciences | ||
| 942 |
_2ddc _cBK |
||
| 999 |
_c351531 _d351531 |
||